Sports Quiz

Random Sports or Olympics Quiz
Score 0/20 Timer 05:00
4 Plays Today
Clue Close? % Correct
Strikes required in order to bowl a perfect 300 game of bowling???
88.1%
Number of flags NASCAR officials use from the flag stand to control a race???
82.1%
Number of weight classes in men and women's boxing ???
79.9%
World Series Championships won by the New York Yankees???
76.1%
The number of wickets used in a standard game of backyard croquet as per the United States Croquet Association ???
73.6%
The number of balls on the table at the start of a regular game of snooker???
69.6%
Height in inches of basketball great Manute Bol???
68.4%
The number of teams that qualify for the soccer World Cup for men???
67.9%
Consecutive games Joe DiMaggio hit safely for the Yankees in 1941 ???
65.7%
Left handed NFL Quarterbacks in the Hall of Fame???
64%
Clue Close? % Correct
Most points potentially earned in a single dart throw for a regular scored game???
56.8%
Largest margin of victory in an NBA game (12/17/91 Heat @ Cavs)???
46.8%
Age of the oldest Olympic Gold Medalist winner???
41.6%
Years in the longest postseason playoff win drought in NFL History (Arizona Cardinals)???
27.1%
Maximum weight of a stone (in lbs.) as mandated by the World Curling Federation???
24%
NFL record for most interceptions caught in a career???
23.4%
As of the 2016 Olympics, the number of countries that had fewer gold medals than Michael Phelps???
20.1%
Rank of Secretariat on ESPN's list of the greatest athletes of the 20th century???
15.8%
Average number of baseballs used during a MLB game???
15.1%
Individual NHL records owned or shared by Wayne Gretzky???
12.3%
Remove Ads.
Support Sporcle.
Get the best of Sporcle when you Go Orange. This ad-free experience offers more features, more stats, and more fun while also helping to support Sporcle. Thank you for becoming a member.

You're not logged in!

Compare scores with friends on all Sporcle quizzes.
OR
Log In

Show Comments

Extras

Top Quizzes Today


Score Distribution

Your Account Isn't Verified!

In order to create a playlist on Sporcle, you need to verify the email address you used during registration. Go to your Sporcle Settings to finish the process.

Report this User

Report this user for behavior that violates our Community Guidelines.

Details: